Statistics for 2021 Houston Astros

Click here to take the quiz!

General Stats

  • This quiz has been taken 126 times
  • The average score is 18 of 33

Answer Stats

HintAnswer% Correct
2B146Jose Altuve
97%
3B91Alex Bregman
95%
SS148Carlos Correa
93%
1B143Yuli Gurriel
87%
OF140Kyle Tucker
82%
DH144Yordan Alvarez
82%
SP22Framber Valdez
77%
C125Martin Maldonado
73%
OF121Michael Brantley
70%
RP64Ryan Pressly
70%
SP28Lance McCullers Jr.
67%
OF108Chas McCormick
63%
SP28Luis Garcia
59%
3B84Aledmys Diaz
56%
RP23Yimi Garcia
55%
3B46Robel Garcia
54%
SP29Zack Greinke
51%
RP36Christian Javier
49%
C66Jason Castro
48%
SP20Jose Urquidy
44%
OF49Jake Meyers
43%
RP72Ryne Stanek
43%
SP23Jake Odorizzi
38%
OF98Myles Straw
37%
RP23Kendall Graveman
36%
RP27Phil Maton
33%
RP31Bryan Abreu
32%
3B35Abraham Toro
25%
RP24Joe Smith
24%
RP51Blake Taylor
21%
RP58Brooks Raley
20%
DH35Taylor Jones
20%
RP28Brandon Bielak
16%

Score Distribution

Percentile by Number Answered

Percent of People with Each Score

Your Score History

You have not taken this quiz